000 00515nam a2200169 i 4500
001 60208
003 ES-MaACL
007 t|
008 031103s1974 sp ||||1| baq d
100 1 _aErzibengoa, José.
_947448
245 1 0 _aEuskal literatura
_b: (XIX) /
_cJoshe Erzibengoa, Patxi Ezkiaga ; azala, Juan Torregaray.
260 _aBilbao :
_bMensajero,
_c[1974]
300 _a150 p. ;
_c20 cm.
700 1 _aEzkiaga, Patxi.
_948468
700 1 _aTorregaray, Juan.
_9110804
852 _aES-MaACL
_jE-6383
_bR.90852
999 _c60208
_d60208